000 00817cam a2200289 4500
008 090401t1995 xxu||||| |||| 00| 0 eng d
020 _a186081008X
035 _a(Sirsi) u58544
041 _aeng
050 _a694.01
100 _aCovington, S.A.
245 _aTimber frame housing 1920-1975: inspection and assessment.
260 _aGarston, Watford
_bBuilding Research Establishment
_c1995
300 _aiv,63p. : ill. ; 30cm.
350 _a27
490 _aBRE Report
_v282
650 _aBUILDING DEFECTS
650 _aSYSTEM BUILT
650 _aTIMBER FRAMED
650 _aTIMBER-FRAMED HOUSING
690 _aBUILT ENVIRONMENT-CONSTRUCTION DESIGN
700 _aMcIntyre, I.S.
700 _aStevens, A. J.
710 _aBuilding Research Establishment
942 _n0
948 _c04/03/1997
999 _c94076
_d94076